000 00379nam a2200133Ia 4500
008 100328s9999 xx 000 0 und d
082 _b54185
100 _aबेहेरे श्री.ना.
245 _aफोटोग्राफी
260 _bउदयम
630 _aफोटोग्राफी
730 _aफोटोग्राफी
942 _cBOOK
999 _c540908
_d540905